| Tag |
First Indicator |
Second Indicator |
Subfields |
| LEADER |
00000cam a2200000 4500 |
| 001 |
in00000059309 |
| 005 |
20151008051551.0 |
| 008 |
720918s1965 vau b 00000 eng u |
| 010 |
|
|
|a 65027844
|
| 035 |
|
|
|a (OCoLC)00408397
|
| 035 |
|
|
|9 AAG8708AM
|
| 040 |
|
|
|c MRC
|d TXA
|d UtOrBLW
|
| 049 |
|
|
|a TXAM
|c [463990]
|
| 050 |
|
0 |
|a KD40
|b .S86 1965
|
| 092 |
|
|
|a 342.4209
|b S826a
|
| 100 |
1 |
|
|a Stenton, Doris Mary Parsons,
|c Lady.
|
| 245 |
1 |
0 |
|a After Runnymede ;
|b Magna carta in the Middle Ages /
|c [by] Doris M. Stenton.
|
| 264 |
|
1 |
|a Charlottesville :
|b Published for the Magna Carta Commission of Virginia [by] the University Press of Virginia,
|c [1965]
|
| 300 |
|
|
|a vi, 54 pages :
|b illustrations ;
|c 22 cm.
|
| 336 |
|
|
|a text
|b txt
|2 rdacontent
|
| 337 |
|
|
|a unmediated
|b n
|2 rdamedia
|
| 338 |
|
|
|a volume
|b nc
|2 rdacarrier
|
| 490 |
1 |
|
|a Magna carta essays
|
| 504 |
|
|
|a Bibliographical footnotes.
|
| 630 |
0 |
0 |
|a Magna Carta.
|
| 650 |
|
0 |
|a Law
|z Great Britain
|x History.
|
| 830 |
|
0 |
|a Magna carta essays.
|
| 999 |
|
|
|a MARS
|
| 999 |
f |
f |
|s b95555ef-90fe-3cec-9bd6-ca348eb35222
|i 01518ea5-0064-3f0d-ad9a-5b2d0c806fd6
|t 0
|
| 952 |
f |
f |
|p ric
|a Texas A&M University
|b Rellis Campus
|c Joint Library Facility
|d Remote Storage
|t 0
|e KD40 .S86 1965
|h Library of Congress classification
|i unmediated -- volume
|m A14800786962
|
| 998 |
f |
f |
|a KD40 .S86 1965
|t 0
|l Remote Storage
|